00355cam a22000977a 4500008003800000082002100038100006800059245007000127260004800197300001200245180718b-- xxu||||| |||| 00| 0 eng d aC0x54073 Un3j/32 aUnited Kingdom. Joint Committee on Indian Constitutional Reform aJoint Committee on Indian Constitutional Reform (session 1932-33) aLondonbHer Majesty's Stationery Officec-- a3 vols.